MARC details
| 000 -LEADER |
| fixed length control field |
01858cam a22003137a 4500 |
| 001 - CONTROL NUMBER |
| control field |
17399000 |
| 003 - CONTROL NUMBER IDENTIFIER |
| control field |
GBCCL |
| 005 - DATE AND TIME OF LATEST TRANSACTION |
| control field |
20241126110707.0 |
| 008 - FIXED-LENGTH DATA ELEMENTS--GENERAL INFORMATION |
| fixed length control field |
120724s2012 tnu b 001 0 eng d |
| 010 ## - |
| -- |
2011279158 |
| 020 ## - INTERNATIONAL STANDARD BOOK NUMBER |
| International Standard Book Number |
9781433672224 (hbk.) |
| 020 ## - INTERNATIONAL STANDARD BOOK NUMBER |
| International Standard Book Number |
1433672227 (hbk.) |
| 035 ## - SYSTEM CONTROL NUMBER |
| System control number |
(OCoLC)ocn757475252 |
| 040 ## - CATALOGING SOURCE |
| Original cataloging agency |
BTCTA |
| Language of cataloging |
eng |
| Transcribing agency |
BTCTA |
| Modifying agency |
BDX |
| -- |
KTS |
| -- |
DLC |
| 042 ## - |
| -- |
lccopycat |
| 050 00 - |
| -- |
BV4012.2 |
| -- |
.C665 2012 |
| 082 00 - DEWEY DECIMAL CLASSIFICATION NUMBER |
| Classification number |
253.5 |
| Edition information |
23 |
| Item number |
COU |
| 245 00 - TITLE STATEMENT |
| Title |
Counseling the hard cases : |
| Remainder of title |
true stories illustrating the sufficiency of God's resources in Scripture / |
| Statement of responsibility, etc. |
Stuart Scott and Heath Lambert, editors ; foreword by John MacArthur. |
| 260 ## - PUBLICATION, DISTRIBUTION, ETC. |
| Place of publication, distribution, etc. |
Nashville, Tenn. : |
| Name of publisher, distributor, etc. |
B & H Academic |
| Date of publication, distribution, etc. |
2015, 2012. |
| 300 ## - PHYSICAL DESCRIPTION |
| Extent |
xv, 318 p. ; |
| Dimensions |
24 cm. |
| 504 ## - BIBLIOGRAPHY, ETC. NOTE |
| Bibliography, etc. note |
Includes bibliographical references and indexes. |
| 505 00 - FORMATTED CONTENTS NOTE |
| Miscellaneous information |
Introduction: |
| Title |
The sufficiency of Scripture, the biblical counseling movement, and the purpose of this book / |
| Statement of responsibility |
Heath Lambert -- |
| Title |
"Mariana" and surviving sexual abuse / |
| Statement of responsibility |
Laura Hendrickson -- |
| Title |
"Brian" and obsessive-compulsive disorder / |
| Statement of responsibility |
Steve Viars -- |
| Title |
"Sarah" and postpartum depression / |
| Statement of responsibility |
Heath Lambert -- |
| Title |
"Mary" and paralyzing fear / |
| Statement of responsibility |
Dan Wickert -- |
| Title |
"Ashley" and anorexia / |
| Statement of responsibility |
Martha Peace -- |
| Title |
"Tony" and bipolar disorder / |
| Statement of responsibility |
Garrett Higbee -- |
| Title |
"Jackie" and dissociative identity disorder / |
| Statement of responsibility |
Stuart Scott -- |
| Title |
"Jason" and homosexuality / |
| Statement of responsibility |
Kevin Carson -- |
| Title |
"Julie" and addictions and adultery / |
| Statement of responsibility |
Robert D. Jones -- |
| Title |
"Jennifer" and an apparent hard case / |
| Statement of responsibility |
John Babler -- |
| Title |
Concluding reflections / |
| Statement of responsibility |
Heath Lambert, |
| -- |
Stuart Scott. |
| 650 #0 - SUBJECT ADDED ENTRY--TOPICAL TERM |
| Topical term or geographic name entry element |
Pastoral counseling. |
| 9 (RLIN) |
547 |
| 700 1# - ADDED ENTRY--PERSONAL NAME |
| Personal name |
Scott, Stuart, |
| Dates associated with a name |
1955- |
| 9 (RLIN) |
16038 |
| 700 1# - ADDED ENTRY--PERSONAL NAME |
| Personal name |
Lambert, Heath, |
| Dates associated with a name |
1979- |
| 9 (RLIN) |
16039 |
| 906 ## - LOCAL DATA ELEMENT F, LDF (RLIN) |
| a |
7 |
| b |
cbc |
| c |
copycat |
| d |
2 |
| e |
ncip |
| f |
20 |
| g |
y-gencatlg |
| 942 ## - ADDED ENTRY ELEMENTS (KOHA) |
| Source of classification or shelving scheme |
Dewey Decimal Classification |
| Koha item type |
Books |
| Koha issues (borrowed), all copies |
6 |